[Event "LSS OP-2008-0-00675"]
[Site "LSS email"]
[Date "2008.11.11"]
[Round "?"]
[White "Kis Kos, Laszlo"]
[Black "Masakov, Alexey"]
[Result "1-0"]
[WhiteElo "1694"]
[BlackElo "1174"]
[PlyCount "33"]
[EventDate "2008.11.10"]
[EventType "tourn (corr)"]
[EventRounds "4"]
[EventCountry "GER"]
[SourceTitle "Corr 2011"]
[Source "ChessBase"]
[SourceDate "2010.08.31"]
[SourceVersion "1"]
[SourceVersionDate "2010.08.31"]
[SourceQuality "1"]

1. e4 e5 2. Nf3 Nc6 3. Bc4 Nf6 4. Ng5 d5 5. exd5 Na5 6. Bb5+ c6 7. dxc6 bxc6 8. Qf3 Qb6 9. Bd3 Bg4 10. Qg3 Bd6 11. Nc3 Bc7 12. Nxh7 Rxh7 13. Bxh7 e4 14. Qh4 0-0-0 15. Nxe4 Re8 16. 0-0 Be2 17. Nxf6 1-0

[Event "LSS OP-2008-0-00675"]
[Site "LSS email"]
[Date "2008.11.11"]
[Round "?"]
[White "Masakov, Alexey"]
[Black "Loktayev, Vladislav"]
[Result "0-1"]
[WhiteElo "1093"]
[BlackElo "1563"]
[PlyCount "58"]
[EventDate "2008.11.10"]
[EventType "tourn (corr)"]
[EventRounds "4"]
[EventCountry "GER"]
[SourceTitle "Corr 2011"]
[Source "ChessBase"]
[SourceDate "2010.08.31"]
[SourceVersion "1"]
[SourceVersionDate "2010.08.31"]
[SourceQuality "1"]

1. d4 Nf6 2. c4 e5 3. dxe5 Ng4 4. Nf3 Bc5 5. e3 Nc6 6. Nc3 Ngxe5 7. Be2 0-0 8. 0-0 a5 9. Qd5 d6 10. Nxe5 Nxe5 11. a3 Be6 12. Qe4 f5 13. Qf4 Ng6 14. Qg3 Qd7 15. Bh5 Bxc4 16. Rd1 Bf7 17. b3 Bxb3 18. Rd2 Bf7 19. Bb2 Qe7 20. Nd5 Qd8 21. Nf4 Qe8 22. h4 Ne5 23. Be2 h6 24. Nh3 h5 25. Ng5 Ng4 26. Bd4 Bxd4 27. Rxd4 Qe5 28. Qf3 Qh2+ 29. Kf1 Qh1# 0-1

[Event "LSS RF-2008-0-00019"]
[Site "LSS email"]
[Date "2008.10.28"]
[Round "?"]
[White "Markova, Stanislava"]
[Black "Masakov, Alexey"]
[Result "0-1"]
[WhiteElo "1072"]
[BlackElo "1140"]
[PlyCount "62"]
[EventDate "2008.10.19"]
[EventType "tourn (corr)"]
[EventRounds "6"]
[EventCountry "GER"]
[SourceTitle "Corr 2011"]
[Source "ChessBase"]
[SourceDate "2010.08.31"]
[SourceVersion "1"]
[SourceVersionDate "2010.08.31"]
[SourceQuality "1"]

1. c4 Nf6 2. Nc3 e6 3. Nf3 c5 4. g3 Be7 5. Bg2 0-0 6. 0-0 d5 7. cxd5 exd5 8. d4 Nc6 9. Bg5 Be6 10. dxc5 Bxc5 11. Bxf6 Qxf6 12. Nxd5 Qxb2 13. Qd2 Qxd2 14. Nxd2 Rad8 15. Nb3 Bxf2+ 16. Rxf2 Bxd5 17. Bh3 Rfe8 18. Bg4 Re3 19. Nc5 b6 20. Nd3 Nd4 21. Kf1 g6 22. Nb4 Bc4 23. Rd1 Ne6 24. Rc1 Bb5 25. a4 Bxa4 26. Bxe6 fxe6 27. Ra1 Rd1+ 28. Rxd1 Bxd1 29. Ke1 Bb3 30. Kd2 Re4 31. Nc6 a5 0-1

[Event "LSS RF-2008-0-00018"]
[Site "LSS email"]
[Date "2008.10.07"]
[Round "?"]
[White "Masakov, Alexey"]
[Black "Albesa, Alfredo Ricardo"]
[Result "1-0"]
[WhiteElo "1052"]
[BlackElo "1000"]
[PlyCount "55"]
[EventDate "2008.09.07"]
[EventType "tourn (corr)"]
[EventRounds "6"]
[EventCountry "GER"]
[SourceTitle "Corr 2013"]
[Source "ChessBase"]
[SourceDate "2012.11.12"]
[SourceVersion "1"]
[SourceVersionDate "2012.11.12"]
[SourceQuality "1"]

1. e4 e5 2. Nf3 Nc6 3. Bb5 a6 4. Ba4 Nf6 5. 0-0 Be7 6. Re1 b5 7. Bb3 d6 8. c3 Be6 9. Bc2 0-0 10. d4 Bg4 11. d5 Nb8 12. h3 Bh5 13. Nbd2 Nbd7 14. Nf1 Nc5 15. b4 Ncd7 16. Ng3 Bg6 17. Nh2 Ne8 18. Nf5 Bxf5 19. exf5 Bg5 20. Qg4 Bxc1 21. Raxc1 Nef6 22. Qg3 Nxd5 23. h4 N7f6 24. Bd1 Qc8 25. Ng4 Nxg4 26. Qxg4 Nf6 27. Qf3 c5 28. Bb3 1-0

[Event "LSS RF-2008-0-00018"]
[Site "LSS email"]
[Date "2008.10.06"]
[Round "?"]
[White "Lin, Ying"]
[Black "Masakov, Alexey"]
[Result "1/2-1/2"]
[WhiteElo "1020"]
[BlackElo "1052"]
[PlyCount "79"]
[EventDate "2008.09.07"]
[EventType "tourn (corr)"]
[EventRounds "6"]
[EventCountry "GER"]
[SourceTitle "Corr 2013"]
[Source "ChessBase"]
[SourceDate "2012.11.12"]
[SourceVersion "1"]
[SourceVersionDate "2012.11.12"]
[SourceQuality "1"]

1. d4 d5 2. c4 c6 3. cxd5 cxd5 4. Nc3 Bf5 5. Nf3 e6 6. Bg5 Qb6 7. Qa4+ Nc6 8. Qb5 Bb4 9. Qxb6 axb6 10. e3 f6 11. Bf4 Nge7 12. Bb5 0-0 13. 0-0 Ra5 14. a4 Bxc3 15. bxc3 Rfa8 16. Rfc1 R5a7 17. Bc7 Nc8 18. Nd2 Na5 19. h3 Bg6 20. Bd7 Kf7 21. Bxc8 Rxc8 22. Bxb6 Ra6 23. Bc5 Rac6 24. Ra3 b6 25. Bb4 Nc4 26. Nxc4 Rxc4 27. Rca1 Ra8 28. a5 bxa5 29. Rxa5 Rxa5 30. Rxa5 Rc7 31. Bc5 Bd3 32. Ra7 Rxa7 33. Bxa7 Bc4 34. f3 Ke7 35. Kf2 Kd7 36. e4 Kc6 37. Bc5 g6 38. h4 f5 39. Ke3 Kd7 40. exd5 1/2-1/2

[Event "LSS SF-2008-0-00014"]
[Site "LSS email"]
[Date "2008.10.01"]
[Round "?"]
[White "Plummer, Martin"]
[Black "Masakov, Alexey"]
[Result "0-1"]
[WhiteElo "1102"]
[BlackElo "1120"]
[PlyCount "58"]
[EventDate "2008.09.15"]
[EventType "tourn (corr)"]
[EventRounds "6"]
[EventCountry "GER"]
[SourceTitle "Corr 2011"]
[Source "ChessBase"]
[SourceDate "2010.08.31"]
[SourceVersion "1"]
[SourceVersionDate "2010.08.31"]
[SourceQuality "1"]

1. e4 c5 2. Nf3 d6 3. d4 cxd4 4. Nxd4 Nf6 5. Nc3 g6 6. Bd3 Bg7 7. Nb3 0-0 8. 0-0 Nc6 9. Rb1 a6 10. Re1 b5 11. Nd5 Bb7 12. Ne3 Ne5 13. h3 Bxe4 14. Bxe4 Nxe4 15. f4 Nc6 16. Nd5 Nc5 17. Be3 Nxb3 18. axb3 e6 19. Bb6 Qb8 20. Bc7 Qa7+ 21. Bb6 Qb7 22. Bc7 exd5 23. Bxd6 Rfd8 24. Bc5 Rac8 25. c3 Nb8 26. b4 a5 27. Qf3 Na6 28. Re7 Rd7 29. Rxd7 Qxd7 0-1

[Event "LSS SF-2008-0-00014"]
[Site "LSS email"]
[Date "2008.09.28"]
[Round "?"]
[White "Masakov, Alexey"]
[Black "Ciesla, Daniel"]
[Result "1-0"]
[WhiteElo "1100"]
[BlackElo "1057"]
[PlyCount "41"]
[EventDate "2008.09.15"]
[EventType "tourn (corr)"]
[EventRounds "6"]
[EventCountry "GER"]
[SourceTitle "Corr 2013"]
[Source "ChessBase"]
[SourceDate "2012.11.12"]
[SourceVersion "1"]
[SourceVersionDate "2012.11.12"]
[SourceQuality "1"]
[WhiteTeam "US of America"]
[BlackTeam "US of America"]
[WhiteTeamCountry "USA"]
[BlackTeamCountry "USA"]

1. e4 d6 2. d4 Nf6 3. Nc3 e5 4. dxe5 dxe5 5. Qxd8+ Kxd8 6. Bg5 Be6 7. Nf3 Bd6 8. 0-0-0 Nbd7 9. Bb5 Kc8 10. Nd2 c6 11. Bc4 Kc7 12. Bxe6 fxe6 13. Nc4 Be7 14. a4 h6 15. Bh4 Nxe4 16. Bxe7 Nxf2 17. Bd6+ Kd8 18. Nxe5 Nxe5 19. Bxe5+ Ke8 20. Bxg7 Rh7 21. Rdf1 1-0

[Event "LSS SF-2008-0-00014"]
[Site "LSS email"]
[Date "2008.09.25"]
[Round "?"]
[White "Trevis, Robert R"]
[Black "Masakov, Alexey"]
[Result "1-0"]
[WhiteElo "650"]
[BlackElo "1100"]
[PlyCount "43"]
[EventDate "2008.09.15"]
[EventType "tourn (corr)"]
[EventRounds "6"]
[EventCountry "GER"]
[SourceTitle "Corr 2013"]
[Source "ChessBase"]
[SourceDate "2012.11.12"]
[SourceVersion "1"]
[SourceVersionDate "2012.11.12"]
[SourceQuality "1"]
[WhiteTeam "US of America"]
[BlackTeam "US of America"]
[WhiteTeamCountry "USA"]
[BlackTeamCountry "USA"]

1. e4 c5 2. Nf3 d6 3. d4 cxd4 4. Nxd4 Nf6 5. Nc3 a6 6. Be3 Qc7 7. Be2 e6 8. 0-0 b5 9. Bd3 Bb7 10. Qd2 b4 11. Nce2 Nxe4 12. Bxe4 Bxe4 13. Qxb4 e5 14. Nb5 axb5 15. Qxe4 Ra4 16. Qd3 Qb7 17. Nc3 Rc4 18. a4 e4 19. Qe2 Be7 20. axb5 Rb4 21. Ra7 Qxa7 22. Bxa7 1-0

[Event "LSS RN-2008-0-00145"]
[Site "LSS email"]
[Date "2008.07.29"]
[Round "?"]
[White "Masakov, Alexey"]
[Black "Petidis, Kostas"]
[Result "1-0"]
[WhiteElo "800"]
[BlackElo "689"]
[PlyCount "61"]
[EventDate "2008.07.18"]
[EventType "tourn (corr)"]
[EventRounds "6"]
[EventCountry "GER"]
[SourceTitle "Corr 2011"]
[Source "ChessBase"]
[SourceDate "2010.08.31"]
[SourceVersion "1"]
[SourceVersionDate "2010.08.31"]
[SourceQuality "1"]

1. e4 e6 2. d4 d5 3. Nd2 c5 4. exd5 exd5 5. Ngf3 Nf6 6. Bb5+ Nc6 7. 0-0 Be7 8. dxc5 Bxc5 9. Re1+ Be7 10. Qe2 Be6 11. Nb3 0-0 12. Bxc6 bxc6 13. Nbd4 Ne4 14. Nxc6 Qd7 15. Nxe7+ Qxe7 16. Nd4 Qd7 17. Nxe6 fxe6 18. f3 Nc5 19. b4 Nb7 20. Qxe6+ Qxe6 21. Rxe6 Rac8 22. Ra6 Rxc2 23. Rxa7 Rfc8 24. Bf4 Nd8 25. b5 Ne6 26. Bd6 Re2 27. b6 Rcc2 28. b7 Rxg2+ 29. Kh1 Rb2 30. Ra8+ Kf7 31. b8Q 1-0